[Event "Seville-ch"]
[Site "Seville"]
[Date "2014.03.08"]
[Round "7.6"]
[White "Ruiz Rodriguez, Jose Manuel"]
[Black "Ramos Vazquez, Jose Luis"]
[Result "0-1"]
[WhiteElo "2001"]
[BlackElo "1926"]
[PlyCount "73"]
[EventDate "2014.01.25"]
[EventType "swiss"]
[EventRounds "9"]
[EventCountry "ESP"]
[SourceTitle "EXT 2024"]
[Source "ChessBase"]
[SourceDate "2023.10.10"]
[SourceVersion "1"]
[SourceVersionDate "2023.10.10"]
[SourceQuality "1"]

1. d4 d5 2. c4 e5 3. dxe5 d4 4. Nf3 Nc6 5. a3 Bg4 6. Nbd2 a5 7. h3 Bh5 8. Qa4 Qd7 9. b4 Nxe5 10. Qxd7+ Nxd7 11. b5 Bxf3 12. Nxf3 h5 13. Nxd4 Ngf6 14. Bb2 Bc5 15. e3 0-0 16. Be2 Rfe8 17. 0-0 Nb6 18. Nf5 Rad8 19. Rfd1 Bf8 20. Bd4 Nfd7 21. Rdc1 Nc5 22. Bxc5 Bxc5 23. Rc2 g6 24. Ng3 f5 25. Bf3 Rd3 26. Bxb7 Red8 27. Ne2 Rd1+ 28. Rxd1 Rxd1+ 29. Kh2 Bxa3 30. c5 Nd7 31. b6 cxb6 32. c6 Bd6+ 33. g3 Nc5 34. Nc3 Rd3 35. Nb5 Be5 36. Ba8 Rd8 37. f4 0-1